000 00434nam a2200193Ia 4500
005 20240823035507.0
008 240823s9999||||xx |||||||||||||| ||und||
020 _a978-0-141-04517-7
041 _aENGLISH
082 _A823.8 P9
100 _aThomas Hardy
245 4 _aThe Mayor of Casterbridge
250 _a1st
260 _c2009
_bPenguin
500 _aYES
650 _aNovel
_bEnglish
942 _cBK
999 _c200823
_d200823